| 000 | 00376nam a2200133Ia 4500 | ||
|---|---|---|---|
| 008 | 231221s9999 xx 000 0 und d | ||
| 020 | _a978-0-387-69935-6 | ||
| 041 | _aEnglish | ||
| 100 | _aOded Maimon, Lior Rokach | ||
| 245 | 0 | _aSoft Computing for Knowledge Discovery and Data Mining | |
| 260 |
_c2008 _bSpringer US _aNew York |
||
| 650 | _aComputer Science | ||
| 942 | _cEB | ||
| 999 |
_c218227 _d218227 |
||